| 000 | 01435nam0a22002771 4500 | ||
|---|---|---|---|
| 001 | rc\4677289 | ||
| 005 | 20130416205002.2 | ||
| 021 |
_aRU _b[66-59204] |
||
| 035 | _a(NLR Aleph) 008705899 | ||
| 090 |
_a9327815 _c9327815 |
||
| 100 | _a20130416d1966 |||y0rusy50 ca | ||
| 101 | 0 | _arus | |
| 102 | _aRU | ||
| 105 | _aab z ||||| | ||
| 200 | 1 |
_aПолитическая и экономическая карта мира _eУчеб. пособие для полит. занятий с солдатами, матросами, сержантами и старшинами _f[Под общ. ред. ген.-майора С.К. Ильина] _gГл. полит. упр. Советской Армии и Воен.-Мор. Флота |
|
| 210 |
_aМосква _cВоениздат _d1966 |
||
| 215 |
_a463 с., 2 л. карт. _cдиагр., карт. _d22 |
||
| 606 |
_aПолитическая подготовка в Вооруженных Силах СССР _jПособия _2psbo |
||
| 606 |
_aЭкономическая география _jМатериалы для политзанятий _2psbo |
||
| 702 | 1 |
_aИльин _bС. К. _4340 |
|
| 712 | 0 | 1 |
_aСССР _bГлавное политическое управление Советской Армии и Военно-Морского Флота _3RU\NLR\AUTH\8810020321 |
| 801 | 0 |
_aRU _bNLR _gpsbo |
|
| 801 | 1 |
_aRU _bELAR _2rusmarc |
|
| 852 |
_aNLR _j66-5/3820 |
||
| 942 | _cBOOK | ||
| 980 | _aNB | ||